000 00177nam a2200073Ia 4500
008 170817s9999 xx 000 0 und d
100 _aVASISHTHA KAMAL
245 0 _aPRYAVARAN SIKSHA
260 _bUNIVERSITY BOOK
999 _c36752
_d36752